000 00726nam a22002177a 4500
999 _c4660
_d4660
003 AR-CdUCM
008 190311b ||||| |||| 00| 0 spa d
040 _aMUNICIPALIDAD PROVINCIAL DEL CUSCO
_cBIBLIOTECA MUNICIPAL DEL CUSCO
082 _a896.56 /
_bC25
100 _aCancino, Segundo
_914499
245 _aPor dos senderos :
_bpoesía y cuento en Tacna /
260 _aTacna :
_bCasa de la Cultura de Tacna :
_b["Santa María"],
_c1971.
300 _a[s.n] ;
_c16 cm.
500 _aDonación de la familia Nieto.
650 _aPoesía - Perú - Siglo XX
_914482
650 _aPoetas Peruanos
_91611
650 _aPoesía - Tacna
_914500
650 _aPoetas tacneños
_914501
942 _2ddc
_cLIBROS
945 _alccs